00000000nam##2200000za#4500
0019.645087
003CaOODSP
00520200328191150
007ta
008150407|1992||||xxc|||||     f|0| 0 eng|d
020 |a0-662-19573-6
040 |aCaOODSP|beng
043 |an-cn---
0861 |aH93-104/1992E
1101 |aCanada.|bHealth and Welfare Canada. |bFitness and Amateur Sport.
24510|aSport: the way ahead: the report of the Minister's Task Force on Federal Sport Policy
260 |aOttawa - Ontario : |bHealth and Welfare Canada. |c1992.
300 |a310p. : |bfigs. ; |c28 cm.
563 |aSoftcover
590 |a92-21|b1992-05-22
77508|tLe sport: un pas d'avance: rapport du Groupe de travail du Ministre sur la politique fédérale en matière de sport |w(CaOODSP)9.678865